<La> question monétaire et bancaire en URSS.

Sovietske dekréty o bankách z r. 1988 a nový moderný finančný systém. Likvidnosť sovietskej ekonomiky. Redukcia nadlikvidity. Bankový systém v ZSSR, jeho terajší stav. Návrhy na jeho reformu. Hlavné zásady menovej a bankovej reformy. (Economie prospective internationale 1990. č. 44.).

Na minha lista:
Detalhes bibliográficos
Autor principal: Boissieu, Christian de
Outros Autores: Renversez, F.
Formato: Capítulo de Livro
Idioma:francês
Assuntos:
Tags: Adicionar Tag
Sem tags, seja o primeiro a adicionar uma tag!

MARC

LEADER 00000naa a2200000 4500
001 r004496
005 20221125091653.7
041 0 |a fre 
044 |a FR 
245 1 0 |a <La> question monétaire et bancaire en URSS.  |c Ch.de Boissieu, F. Renversez 
520 |a Sovietske dekréty o bankách z r. 1988 a nový moderný finančný systém. Likvidnosť sovietskej ekonomiky. Redukcia nadlikvidity. Bankový systém v ZSSR, jeho terajší stav. Návrhy na jeho reformu. Hlavné zásady menovej a bankovej reformy. (Economie prospective internationale 1990. č. 44.). 
610 2 0 |a mena 
610 2 0 |a banky 
610 2 0 |a sústava finančná 
610 2 0 |a likvidita 
610 2 0 |a ZSSR 
610 2 0 |a 1988 
100 1 |a Boissieu, Christian de 
700 1 |a Renversez, F.